000 00587nam a2200241Ia 4500
003 OSt
005 20220918195752.0
006 a|||||r|||| 00| 0
007 ta
008 220917b |||||||| |||| 00| 0 eng d
024 _a86,264
037 _cTextual
040 _aARTS
_cARTS
_beng
041 _2eng
_aeng
082 _aT:3:P111, H8 .3
100 _aFrench F G
245 0 _aTeaching of English abroad
260 _c1948
490 _ateacher library
650 _aEDUCATION
942 _hT:3:P111, H8 .3
_cTEXL
_2CC
999 _c209964
_d209964